[Event "34th WCh U20 Girls"]
[Site "Bhubaneswar IND"]
[Date "2016.08.10"]
[Round "3.28"]
[White "Gamage, Nethmi Nirasha"]
[Black "Yanjinlkham, Bayarsaikhan"]
[Result "0-1"]
[WhiteElo "1559"]
[BlackElo "1990"]
[EventDate "2016.08.08"]
[PlyCount "114"]

1.d4 d5 2.c4 c6 3.Nf3 Nf6 4.Qc2 g6 5.g3 Bf5 6.Qb3 Qb6 7.c5 Qxb3 8.axb3 Bg7
9.Bg2 O-O 10.O-O Nfd7 11.Bf4 Re8 12.b4 e5 13.Nxe5 Nxe5 14.Bxe5 Bxe5 15.
dxe5 Rxe5 16.e3 Na6 17.b5 Nxc5 18.bxc6 bxc6 19.Nd2 Nd3 20.Nf3 Re7 21.Nd4 
Bd7 22.Rfd1 Nb4 23.Ra5 Be8 24.Nb3 Rb8 25.Nd4 Kg7 26.Bf1 Rbb7 27.Rda1 Rec7 
28.Rc1 Bd7 29.Rac5 a6 30.Ra5 Rb6 31.Rc3 Kf8 32.Nb3 Ke7 33.Nc5 Bc8 34.Na4 
Rb8 35.Nc5 Kd6 36.e4 f6 37.Rb3 d4 38.f4 Be6 39.Nxe6 Kxe6 40.Bc4+ Ke7 41.e5
fxe5 42.fxe5 c5 43.Rf3 Rf8 44.Rxf8 Kxf8 45.Ra1 Kg7 46.Rf1 Re7 47.e6 a5 48.
Rf7+ Rxf7 49.exf7 Nc6 50.b3 Ne5 51.Bb5 Kxf7 52.Kf1 Kf6 53.Ke2 Kf5 54.Ba6 
Ke6 55.Kf2 Kd6 56.Ke2 c4 57.bxc4 Kc5 0-1

[Event "34th WCh U20 Girls"]
[Site "Bhubaneswar IND"]
[Date "2016.08.11"]
[Round "4.1"]
[White "Frayna, Janelle Mae"]
[Black "Bivol, Alina"]
[Result "1-0"]
[WhiteElo "2292"]
[BlackElo "2362"]
[EventDate "2016.08.08"]
[PlyCount "77"]

1.d4 Nf6 2.c4 d6 3.Nc3 g6 4.e4 Bg7 5.h3 O-O 6.Bg5 a6 7.Nf3 c5 8.d5 b5 9.
Bd3 bxc4 10.Bxc4 Nbd7 11.O-O Qb6 12.Qe2 h6 13.Be3 Ne8 14.Rab1 Kh7 15.Bd3 
Nc7 16.h4 a5 17.h5 Ba6 18.g3 Bxd3 19.Qxd3 Qa6 20.Qc2 Nf6 21.Kg2 Nxh5 22.
Rh1 Qc8 23.e5 Kg8 24.e6 f5 25.Nh4 Qe8 26.g4 Nf6 27.gxf5 Nfxd5 28.Nxg6 Qc6 
29.Kg3 Rf6 30.Bxh6 Rxg6+ 31.fxg6 Nxc3 32.bxc3 Rf8 33.f4 Nxe6 34.Qe2 Qd5 
35.Rh5 Rf5 36.Rb8+ Nf8 37.c4 Qd4 38.Qe6+ Kh8 39.Bg5+ 1-0

[Event "34th WCh U20 Girls"]
[Site "Bhubaneswar IND"]
[Date "2016.08.11"]
[Round "4.2"]
[White "Buksa, Natalia"]
[Black "Dordzhieva, Dinara"]
[Result "0-1"]
[WhiteElo "2261"]
[BlackElo "2304"]
[EventDate "2016.08.08"]
[PlyCount "96"]

1.e4 c5 2.Ne2 Nc6 3.Nbc3 d6 4.g3 g6 5.Bg2 Bg7 6.d3 e6 7.Be3 Nd4 8.O-O Ne7 
9.Qd2 O-O 10.Nd1 Nxe2+ 11.Qxe2 Nc6 12.Qd2 f5 13.f4 Bd7 14.c3 Rb8 15.Nf2 
Qe7 16.Rae1 b6 17.Nd1 Rbe8 18.Bf2 Qd8 19.Kh1 Qc7 20.Bg1 b5 21.Nf2 b4 22.
Nd1 Qa5 23.cxb4 Qxb4 24.Nc3 Rb8 25.Rb1 Qa5 26.Rfe1 Rb6 27.Rbc1 Rfb8 28.b3 
Ra6 29.Re2 Nd4 30.Bxd4 Bxd4 31.Nd1 Qxd2 32.Rxd2 Ra3 33.Rcc2 a5 34.Nc3 Bxc3
35.Rxc3 a4 36.Bf3 axb3 37.axb3 Rbxb3 38.Rxb3 Rxb3 39.exf5 gxf5 40.g4 fxg4 
41.Bxg4 Rb4 42.Rf2 Rd4 43.Ra2 Rxf4 44.Bh5 Bb5 45.Ra8+ Kg7 46.Ra7+ Kh6 47.
Be2 Rf2 48.Bg4 Bc6+ 0-1

[Event "34th WCh U20 Girls"]
[Site "Bhubaneswar IND"]
[Date "2016.08.11"]
[Round "4.3"]
[White "Pratyusha, Bodda"]
[Black "Parnali, S. Dharia"]
[Result "1-0"]
[WhiteElo "2329"]
[BlackElo "2203"]
[EventDate "2016.08.08"]
[PlyCount "67"]

1.d4 d5 2.c4 e6 3.Nc3 Nf6 4.cxd5 exd5 5.Bg5 Be7 6.e3 c6 7.Qc2 Nbd7 8.Bd3 
Nh5 9.Bxe7 Qxe7 10.Nge2 Nb6 11.Rb1 a5 12.O-O Nf6 13.Na4 Nxa4 14.Qxa4 O-O 
15.Qc2 Re8 16.a3 Ne4 17.b4 axb4 18.axb4 Bd7 19.Nf4 Ra3 20.b5 g5 21.bxc6 
bxc6 22.Ne2 Rxd3 23.Qxd3 Bf5 24.Qd1 h5 25.Rc1 h4 26.h3 Qd7 27.Nc3 Bxh3 28.
Qh5 Qf5 29.Nxe4 Rxe4 30.f4 Bxg2 31.Kxg2 Rxe3 32.Qxg5+ Qxg5+ 33.fxg5 Rd3 
34.Rxc6 1-0

[Event "34th WCh U20 Girls"]
[Site "Bhubaneswar IND"]
[Date "2016.08.11"]
[Round "4.4"]
[White "Rodriguez Rueda, Paula Andrea"]
[Black "Nandhidhaa, Venkatachalam"]
[Result "0-1"]
[WhiteElo "2321"]
[BlackElo "2151"]
[EventDate "2016.08.08"]
[PlyCount "88"]

1.d4 Nf6 2.c4 g6 3.Nc3 d5 4.cxd5 Nxd5 5.e4 Nxc3 6.bxc3 Bg7 7.Bc4 c5 8.Ne2 
Nc6 9.Be3 O-O 10.O-O Qc7 11.Rc1 e6 12.Bb3 Na5 13.dxc5 Rd8 14.Qc2 Bd7 15.c4
Bf8 16.Nf4 Bxc5 17.Bxc5 Qxc5 18.Qe2 Bc6 19.Rfe1 Qg5 20.Qe3 Rd7 21.g3 a6 
22.Bd1 Rad8 23.Bf3 Qe5 24.Qb6 Qc7 25.Qc5 Rc8 26.Qg5 Qd8 27.Qg4 b6 28.h4 
Kh8 29.h5 g5 30.Ng2 Qf6 31.Ne3 Rcd8 32.Rcd1 h6 33.Rxd7 Rxd7 34.Nd5 Qd8 35.
Nb4 Bb7 36.e5 Rd4 37.Rd1 Rxd1+ 38.Bxd1 Nxc4 39.Qe2 Qd4 40.Nd3 Qd5 41.f3 
Qd4+ 42.Kh2 Ne3 43.g4 Nd5 44.Bc2 Nf4 0-1

[Event "34th WCh U20 Girls"]
[Site "Bhubaneswar IND"]
[Date "2016.08.11"]
[Round "4.5"]
[White "Saduakasova, Dinara"]
[Black "Gu Tianlu"]
[Result "1-0"]
[WhiteElo "2423"]
[BlackElo "2239"]
[EventDate "2016.08.08"]
[PlyCount "113"]

1.d4 f5 2.Nf3 Nf6 3.g3 e6 4.Bg2 d5 5.O-O Bd6 6.c4 c6 7.Nc3 O-O 8.Qc2 b6 9.
Ne5 Ba6 10.cxd5 cxd5 11.Bf4 Qe7 12.Qb3 Bb7 13.Nb5 Ne8 14.Nxd6 Nxd6 15.Qa3 
Nc8 16.Qc3 Nd6 17.Rac1 Na6 18.Qa3 Nc8 19.Qb3 Nd6 20.Nc6 Qd7 21.Ne5 Qe7 22.
Rc3 Rfc8 23.Rfc1 Rxc3 24.Rxc3 Rc8 25.Rxc8+ Nxc8 26.Qa4 Nc7 27.Nd3 Qe8 28.
Qb4 a5 29.Qd2 Nb5 30.Be5 h6 31.Nf4 Nbd6 32.b3 Ne4 33.Qc2 Qd7 34.Nh5 g6 35.
Bxe4 gxh5 36.Bf3 Qf7 37.h4 Na7 38.Qc1 Kh7 39.Bxh5 Qd7 40.Qc7 Qxc7 41.Bxc7 
b5 42.Bxa5 Nc6 43.Bc3 b4 44.Bb2 Kg7 45.Be8 Kf8 46.Bxc6 Bxc6 47.Bc1 Kg7 48.
Bd2 Bb5 49.Kf1 Kg6 50.f3 Kh5 51.Kf2 Kg6 52.Bxb4 h5 53.Bd6 Bc6 54.Ke3 Bb5 
55.a4 Ba6 56.b4 Bc4 57.b5 1-0

[Event "34th WCh U20 Girls"]
[Site "Bhubaneswar IND"]
[Date "2016.08.11"]
[Round "4.6"]
[White "Michelle Catherina"]
[Black "Kiolbasa, Oliwia"]
[Result "1-0"]
[WhiteElo "2205"]
[BlackElo "2319"]
[EventDate "2016.08.08"]
[PlyCount "79"]

1.e4 c5 2.Nf3 Nc6 3.d4 cxd4 4.Nxd4 Nf6 5.Nc3 e5 6.Ndb5 d6 7.Bg5 a6 8.Na3 
b5 9.Nd5 Be7 10.Bxf6 Bxf6 11.c4 b4 12.Nc2 a5 13.g3 O-O 14.h4 g6 15.Bh3 
Bxh3 16.Rxh3 Bg7 17.h5 a4 18.hxg6 hxg6 19.Kf1 b3 20.Nce3 Nd4 21.Kg2 Qg5 
22.axb3 f5 23.exf5 Nxb3 24.fxg6 Rfe8 25.Nc7 Qxg6 26.Qd5+ Kf8 27.Nxe8 Ra5 
28.Qf3+ Kxe8 29.Rah1 e4 30.Rh8+ Kd7 31.Qf4 Bxh8 32.Rxh8 Re5 33.Nd5 Qf5 34.
Qh4 Qf3+ 35.Kg1 Qd1+ 36.Kh2 Rxd5 37.Qd8+ Kc6 38.Qc8+ Kb6 39.Qb8+ Ka5 40.
Qc7+ 1-0

[Event "34th WCh U20 Girls"]
[Site "Bhubaneswar IND"]
[Date "2016.08.11"]
[Round "4.7"]
[White "Ivanova, Karina"]
[Black "Stiazhkina, Anna"]
[Result "1-0"]
[WhiteElo "2129"]
[BlackElo "2315"]
[EventDate "2016.08.08"]
[PlyCount "105"]

1.Nf3 d5 2.g3 c6 3.Bg2 Bg4 4.O-O Nd7 5.h3 Bh5 6.d4 e6 7.c4 Ngf6 8.Nc3 Bd6 
9.Qb3 Qc7 10.c5 Be7 11.Bf4 Qc8 12.Rfc1 O-O 13.Na4 Ne4 14.g4 Bg6 15.Qe3 Re8
16.b4 f6 17.Nb2 e5 18.Bh2 exd4 19.Nxd4 Bd8 20.Qf4 f5 21.gxf5 Bg5 22.Qf3 
Bxc1 23.Rxc1 Rf8 24.Qd3 Bf7 25.f3 Nef6 26.Qd2 Re8 27.Nd3 Qd8 28.a4 Rc8 29.
b5 Nh5 30.bxc6 bxc6 31.e4 dxe4 32.fxe4 Qh4 33.Re1 Bc4 34.Nf3 Qe7 35.Bd6 
Qf6 36.Nf2 Qd8 37.Qc3 Bf7 38.e5 Bd5 39.e6 Ndf6 40.Ne5 Bxg2 41.Kxg2 Nd5 42.
Qf3 Qh4 43.Re4 Qg5+ 44.Qg4 Qxg4+ 45.hxg4 Nhf6 46.Re1 g6 47.Kf3 Nc3 48.Nd7 
Ncd5 49.g5 Nh5 50.f6 Rxe6 51.Rxe6 Rd8 52.Ne5 Nhf4 53.f7+ 1-0

[Event "34th WCh U20 Girls"]
[Site "Bhubaneswar IND"]
[Date "2016.08.11"]
[Round "4.8"]
[White "Monnisha, Gajendra Babu Kannaiyan"]
[Black "Vaishali, Ramesh Babu"]
[Result "0-1"]
[WhiteElo "2101"]
[BlackElo "2284"]
[EventDate "2016.08.08"]
[PlyCount "108"]

1.e4 e5 2.Nf3 Nc6 3.Bb5 g6 4.d4 exd4 5.Bg5 Be7 6.Bxe7 Qxe7 7.Bxc6 dxc6 8.
Qxd4 Nf6 9.Nc3 Bg4 10.Nd2 O-O 11.f3 c5 12.Qe3 Bd7 13.O-O-O b5 14.Qg5 Rfe8 
15.h4 b4 16.e5 Nh5 17.Qxe7 Rxe7 18.Nd5 Rxe5 19.Nc4 Re2 20.g4 Bb5 21.Nxc7 
Bxc4 22.Nxa8 Nf4 23.Nc7 Bxa2 24.Rd8+ Kg7 25.b3 c4 26.g5 cxb3 27.Ne8+ Kf8 
28.Nf6+ Ke7 29.Re8+ Kd6 30.Rd1+ Kc6 31.Rxe2 Nxe2+ 32.Kb2 bxc2 33.Kxc2 a5 
34.Ne4 a4 35.Rd2 Nf4 36.Rd6+ Kb5 37.Rd8 Bd5 38.Rb8+ Kc4 39.Rc8+ Kd4 40.Nc5
a3 41.Nb3+ Ke3 42.Rb8 Nd3 43.Re8+ Be6 44.f4 Ne1+ 45.Kb1 Kf2 46.Nd4 b3 47.
Ra8 a2+ 48.Ka1 Ke3 49.Ra4 Kd2 50.f5 Bd5 51.Ra5 Bc4 52.Nxb3+ Bxb3 53.Kb2 
Nc2 54.fxg6 fxg6 0-1

[Event "34th WCh U20 Girls"]
[Site "Bhubaneswar IND"]
[Date "2016.08.11"]
[Round "4.9"]
[White "Blagojevic, Tijana"]
[Black "Eswaran, Ashritha"]
[Result "0-1"]
[WhiteElo "2267"]
[BlackElo "2226"]
[EventDate "2016.08.08"]
[PlyCount "110"]

1.e4 c5 2.Nf3 Nc6 3.Bb5 Qc7 4.Nc3 Nf6 5.O-O Nd4 6.a4 Ng4 7.g3 Nxf3+ 8.Qxf3
Ne5 9.Qd1 e6 10.Be2 a6 11.d3 Be7 12.Nb1 O-O 13.c3 d5 14.Bf4 Bd6 15.d4 Ng6 
16.Bxd6 Qxd6 17.e5 Qb6 18.Qd2 Bd7 19.Kg2 f6 20.exf6 Rxf6 21.f4 Ne7 22.Rd1 
Raf8 23.h4 Be8 24.b4 c4 25.Qe1 Nf5 26.Bg4 Nh6 27.Qe2 Qd6 28.Bh3 Rg6 29.Qe5
Nf7 30.Qe3 Nh6 31.Qe5 Nf7 32.Qxd6 Nxd6 33.Nd2 Rxf4 34.h5 Rg5 35.Bxe6+ Bf7 
36.Re1 Rf6 37.Bxf7+ Kxf7 38.Re5 Nf5 39.Nf3 Rxg3+ 40.Kf2 Rg4 41.Rae1 h6 42.
Rxd5 Nh4 43.Rd7+ Kg8 44.Rd8+ Kh7 45.Ree8 Rxf3+ 46.Ke2 Rg2+ 47.Ke1 Ng6 48.
hxg6+ Kxg6 49.Re6+ Kh5 50.Re2 Rg1+ 51.Kd2 Ra1 52.Re7 Ra2+ 53.Ke1 Rh3 54.
Re2 Rh1+ 55.Kf2 Rh2+ 0-1

[Event "34th WCh U20 Girls"]
[Site "Bhubaneswar IND"]
[Date "2016.08.11"]
[Round "4.10"]
[White "Injac, Teodora"]
[Black "Divya Lakshmi, R."]
[Result "1-0"]
[WhiteElo "2252"]
[BlackElo "1864"]
[EventDate "2016.08.08"]
[PlyCount "75"]

1.d4 Nf6 2.Nf3 e6 3.c4 c5 4.e3 b6 5.Nc3 Bb7 6.d5 exd5 7.cxd5 d6 8.Be2 g6 
9.O-O Bg7 10.e4 O-O 11.Bf4 Nh5 12.Bg5 Qc7 13.Nd2 Nf6 14.Nc4 a6 15.Bf4 Ne8 
16.a4 Nd7 17.Qd2 Rb8 18.Bh6 Bc8 19.Bxg7 Kxg7 20.Ne3 Nef6 21.f4 Re8 22.Bd3 
Nf8 23.Rae1 Bd7 24.e5 dxe5 25.fxe5 Rxe5 26.Qf2 Qd8 27.Qf4 Re8 28.Bxa6 h6 
29.g4 N8h7 30.h4 Rf8 31.Re2 Ra8 32.Bd3 Qb8 33.d6 Ne8 34.Qe5+ Nef6 35.g5 
hxg5 36.hxg5 Re8 37.gxf6+ Kg8 38.Qf4 1-0

[Event "34th WCh U20 Girls"]
[Site "Bhubaneswar IND"]
[Date "2016.08.11"]
[Round "4.11"]
[White "Priyanka, Nutakki"]
[Black "Priyanka, K."]
[Result "0-1"]
[WhiteElo "2234"]
[BlackElo "2048"]
[EventDate "2016.08.08"]
[PlyCount "56"]

1.d4 Nf6 2.c4 g6 3.Nc3 Bg7 4.e4 d6 5.Be2 O-O 6.Bg5 Na6 7.Qd2 e5 8.d5 Qe8 
9.Nf3 Nd7 10.Rb1 f5 11.exf5 gxf5 12.b4 e4 13.Nd4 Ne5 14.O-O Qg6 15.f3 Nd3 
16.Ncb5 Naxb4 17.a3 a6 18.axb4 axb5 19.Nxb5 c6 20.dxc6 bxc6 21.Bxd3 exd3 
22.Be7 Rf7 23.Nc7 Ra7 24.Bd8 Rd7 25.Qe3 Ra2 26.Qe6+ Qf7 27.b5 cxb5 28.
Qxf7+ Kxf7 0-1

[Event "34th WCh U20 Girls"]
[Site "Bhubaneswar IND"]
[Date "2016.08.11"]
[Round "4.12"]
[White "Sapale, Saloni"]
[Black "Tokhiryonova, Gulrukhbegim"]
[Result "1/2-1/2"]
[WhiteElo "2080"]
[BlackElo "2328"]
[EventDate "2016.08.08"]
[PlyCount "156"]

1.e4 e5 2.Nf3 Nc6 3.Bb5 a6 4.Ba4 Nf6 5.O-O Be7 6.d3 b5 7.Bb3 d6 8.a3 O-O 
9.Nc3 Be6 10.Be3 d5 11.Bg5 d4 12.Bxf6 Bxf6 13.Nd5 Na5 14.Ba2 c6 15.Nxf6+ 
Qxf6 16.Qd2 Nb7 17.Bb1 c5 18.Qg5 Qxg5 19.Nxg5 c4 20.Ba2 Rac8 21.f4 exf4 
22.Rxf4 Nc5 23.Raf1 cxd3 24.Nxe6 fxe6 25.cxd3 Rxf4 26.Rxf4 Rc6 27.Rf3 Nd7 
28.Rf2 Ne5 29.Bb1 a5 30.Rc2 Kf7 31.Rxc6 Nxc6 32.Kf2 Ke7 33.Bc2 Kd6 34.h3 
Ne5 35.Ke2 Nd7 36.Kf3 Ke5 37.g3 Nc5 38.Kg4 b4 39.axb4 axb4 40.b3 Kf6 41.
Kf4 g5+ 42.Kg4 Kg6 43.h4 gxh4 44.gxh4 Nd7 45.Kh3 Ne5 46.Kg3 Kf6 47.Kf4 h6 
48.Kg3 Nd7 49.Kf4 Kg6 50.Kg4 e5 51.h5+ Kf6 52.Kh4 Nf8 53.Kg4 Ne6 54.Kh4 
Nf4 55.Kg4 Ke6 56.Kh4 Kf7 57.Bb1 Kf6 58.Kg4 Ng2 59.Kg3 Ne3 60.Kh4 Ke6 61.
Kh3 Nf1 62.Kg4 Kf6 63.Kh4 Ne3 64.Ba2 Ng2+ 65.Kg4 Ne3+ 66.Kh4 Nc2 67.Bb1 
Na3 68.Ba2 Nb5 69.Bb1 Ke6 70.Bc2 Nc3 71.Kg4 Ne2 72.Kh4 Nf4 73.Bb1 Ng2+ 74.
Kg4 Kf6 75.Kg3 Ne3 76.Kh4 Ng2+ 77.Kg3 Ne3 78.Kh4 Ng2+ 1/2-1/2

[Event "34th WCh U20 Girls"]
[Site "Bhubaneswar IND"]
[Date "2016.08.11"]
[Round "4.13"]
[White "Chitlange, Sakshi"]
[Black "Alinasab, Mobina"]
[Result "0-1"]
[WhiteElo "2014"]
[BlackElo "2199"]
[EventDate "2016.08.08"]
[PlyCount "310"]

1.d4 e6 2.c4 Nf6 3.g3 Bb4+ 4.Bd2 Qe7 5.Bg2 Nc6 6.Nf3 Bxd2+ 7.Nbxd2 d6 8.e4
e5 9.d5 Nb8 10.O-O O-O 11.Ne1 a5 12.Nd3 Na6 13.a3 Nc5 14.Nxc5 dxc5 15.f4 
Nd7 16.Bh3 exf4 17.gxf4 Qh4 18.Qg4 Qf6 19.Qg2 Qd4+ 20.Kh1 Ra6 21.Rab1 Rg6 
22.Qe2 Nf6 23.Bxc8 Rxc8 24.e5 Ng4 25.Rf3 a4 26.Ne4 b5 27.Rd1 Qxc4 28.Qxc4 
bxc4 29.h3 Nh6 30.Nxc5 Nf5 31.Nxa4 Ra8 32.Nc5 Rb6 33.Rd2 Rab8 34.Rff2 Rd8 
35.Ne4 Rb5 36.Nc3 Ra5 37.Kg2 Ne3+ 38.Kf3 Nxd5 39.Nxd5 Raxd5 40.Rxd5 Rxd5 
41.Ke4 Rd3 42.Rc2 Rxh3 43.Rxc4 Rb3 44.Rxc7 h5 45.Rc2 Kf8 46.Rf2 g6 47.Kd4 
Ke7 48.Kc4 Rb8 49.b4 Ra8 50.Kb3 Ke6 51.a4 Kd5 52.Rc2 h4 53.Rh2 Rh8 54.Rh3 
Ke4 55.b5 Kxf4 56.b6 g5 57.a5 g4 58.Rxh4 Rxh4 59.b7 Rh8 60.a6 g3 61.a7 g2 
62.b8=Q Rh3+ 63.Ka2 g1=Q 64.e6+ Kf5 65.Qb5+ Kg6 66.a8=Q Rh2+ 67.Qb2 Rxb2+ 
68.Kxb2 Qb6+ 69.Kc1 Qxe6 70.Qg2+ Kf6 71.Qf3+ Qf5 72.Qc6+ Kg5 73.Qg2+ Kh5 
74.Qh1+ Kg6 75.Qc6+ f6 76.Qe8+ Kg5 77.Qg8+ Kf4 78.Qc4+ Kg3 79.Qb3+ Qf3 80.
Qg8+ Kf2 81.Qa2+ Qe2 82.Qf7 Qe3+ 83.Kb1 Qb6+ 84.Ka2 Qa5+ 85.Kb3 f5 86.Qf6 
Qd5+ 87.Ka4 Qc4+ 88.Ka5 f4 89.Qb6+ Ke2 90.Qb2+ Ke3 91.Qb6+ Qd4 92.Qb3+ Ke2
93.Qb5+ Kf2 94.Ka6 f3 95.Kb7 Qg7+ 96.Kb8 Kg1 97.Qb1+ Kg2 98.Qe4 Kg3 99.Qd3
Qf8+ 100.Ka7 Qe7+ 101.Kb8 Qe5+ 102.Ka8 Kg2 103.Qg6+ Kf1 104.Qd3+ Kg2 105.
Qg6+ Qg3 106.Qe4 Qg8+ 107.Kb7 Qf7+ 108.Ka8 Kh3 109.Qe3 Qd5+ 110.Ka7 Kg2 
111.Qf4 f2 112.Qg4+ Kh1 113.Qh4+ Kg1 114.Qg4+ Qg2 115.Qd4 Qg3 116.Qc5 Qg7+
117.Kb8 Qg8+ 118.Ka7 Qf7+ 119.Kb8 Kg2 120.Qc6+ Qf3 121.Qc2 Qf8+ 122.Ka7 
Qf7+ 123.Kb8 Kg3 124.Qd3+ Kg4 125.Qe2+ Kg5 126.Qf1 Qb3+ 127.Ka8 Qf3+ 128.
Kb8 Qg3+ 129.Ka7 Qe3+ 130.Kb8 Qe1 131.Qg2+ Kf4 132.Qh2+ Ke4 133.Qg2+ Kd4 
134.Qg4+ Qe4 135.Qd7+ Ke3 136.Qh3+ Ke2 137.Qh5+ Ke3 138.Qh3+ Kd2 139.Qh6+ 
Qe3 140.Qd6+ Ke2 141.Qh2 Qe8+ 142.Ka7 Qe7+ 143.Kb8 Qe8+ 144.Ka7 Qe3+ 145.
Kb8 Ke1 146.Qh4 Qb6+ 147.Ka8 Kd2 148.Qg5+ Qe3 149.Qg2 Ke1 150.Qg4 f1=Q 
151.Qb4+ Kd1 152.Qa4+ Ke2 153.Qc2+ Kf3 154.Qf5+ Kg2 155.Qg4+ Qg3 0-1

[Event "34th WCh U20 Girls"]
[Site "Bhubaneswar IND"]
[Date "2016.08.11"]
[Round "4.14"]
[White "Harshita, Guddanti"]
[Black "Lasya, Goli"]
[Result "1/2-1/2"]
[WhiteElo "2180"]
[BlackElo "2084"]
[EventDate "2016.08.08"]
[PlyCount "97"]

1.e4 c5 2.Nf3 d6 3.d4 cxd4 4.Nxd4 Nf6 5.Nc3 Nc6 6.Bc4 e6 7.Be3 a6 8.Qe2 
Be7 9.O-O-O Bd7 10.Bb3 Na5 11.g4 Nxb3+ 12.axb3 g6 13.g5 Nh5 14.f4 Rc8 15.
Kb1 b5 16.Rhg1 Qa5 17.Qd2 b4 18.Na2 e5 19.fxe5 dxe5 20.Nf5 Bxf5 21.exf5 
O-O 22.f6 Rfd8 23.Qf2 Bf8 24.Nc1 Rxd1 25.Rxd1 Qb5 26.Qe2 Qc6 27.Nd3 Qe6 
28.Bc1 Bd6 29.Nf2 Bf8 30.Re1 Qf5 31.Nd3 Re8 32.Qe4 h6 33.Qxf5 gxf5 34.Rxe5
Rxe5 35.Nxe5 hxg5 36.Bxg5 Bd6 37.Nf3 Kh7 38.c4 Kg6 39.h4 f4 40.Kc2 Kf5 41.
Kd3 Bc5 42.Nd2 Ng3 43.Nf3 Nh5 44.Nd2 Ng3 45.Nf3 Bd6 46.Kd4 Kg4 47.Kd5 Kxf3
48.Kxd6 Ne4+ 49.Ke7 1/2-1/2

[Event "34th WCh U20 Girls"]
[Site "Bhubaneswar IND"]
[Date "2016.08.11"]
[Round "4.16"]
[White "Santeramo, Alessia"]
[Black "Chandreyee, Hajra"]
[Result "0-1"]
[WhiteElo "2137"]
[BlackElo "1931"]
[EventDate "2016.08.08"]
[PlyCount "52"]

1.e4 c6 2.d4 d5 3.Nd2 dxe4 4.Nxe4 Bf5 5.Ng3 Bg6 6.h4 h6 7.Nf3 Nd7 8.h5 Bh7
9.Bd3 Bxd3 10.Qxd3 e6 11.Bd2 Ngf6 12.O-O-O Be7 13.Kb1 a5 14.Ne4 Nxe4 15.
Qxe4 Nf6 16.Qe2 Qd5 17.Ne5 a4 18.Bc1 a3 19.b3 Bb4 20.f3 Bc3 21.Nc4 Qd8 22.
Bxa3 Rxa3 23.Nxa3 Nd5 24.Nc4 O-O 25.Ne3 Qa5 26.Nxd5 Qxa2+ 0-1

[Event "34th WCh U20 Girls"]
[Site "Bhubaneswar IND"]
[Date "2016.08.11"]
[Round "4.17"]
[White "Kakulidis, Ellen"]
[Black "Salonika, Saina"]
[Result "0-1"]
[WhiteElo "1989"]
[BlackElo "2131"]
[EventDate "2016.08.08"]
[PlyCount "88"]

1.d4 Nf6 2.c4 g6 3.Nc3 Bg7 4.Nf3 O-O 5.Bg5 d6 6.e3 c5 7.d5 h6 8.Bh4 g5 9.
Bg3 Nh5 10.Bd3 f5 11.Nd2 Nxg3 12.hxg3 e5 13.dxe6 Bxe6 14.Qc2 Nc6 15.a3 a6 
16.Nf3 Qf6 17.O-O h5 18.Rab1 Ne7 19.e4 Qh6 20.exf5 Nxf5 21.Qd2 g4 22.Qxh6 
Bxh6 23.Nh4 Nxh4 24.gxh4 Rf4 25.Ne2 Rf6 26.Ng3 Bf7 27.Rbe1 Re8 28.Rxe8+ 
Bxe8 29.Re1 Kf8 30.b3 Bf4 31.Nf1 Be5 32.Re2 Rf4 33.Be4 b5 34.Bd5 Rd4 35.
Re3 Rd1 36.g3 a5 37.Be4 Ra1 38.b4 axb4 39.axb4 cxb4 40.Bd5 Rc1 41.Rb3 Bc3 
42.Kg2 bxc4 43.Bxc4 Bc6+ 44.Kg1 Ba4 0-1

[Event "34th WCh U20 Girls"]
[Site "Bhubaneswar IND"]
[Date "2016.08.11"]
[Round "4.18"]
[White "Du Yuxin"]
[Black "Varshini, Velavan"]
[Result "1/2-1/2"]
[WhiteElo "1957"]
[BlackElo "2129"]
[EventDate "2016.08.08"]
[PlyCount "121"]

1.e4 c5 2.Nf3 d6 3.d4 cxd4 4.Qxd4 Nc6 5.Bb5 Bd7 6.Bxc6 Bxc6 7.Nc3 e5 8.Qd3
h6 9.Nd2 Nf6 10.Nc4 b5 11.Ne3 Rc8 12.O-O a6 13.a3 Nd7 14.Ned5 Nc5 15.Qe2 
Ne6 16.f4 exf4 17.Nxf4 Nxf4 18.Bxf4 Qd7 19.Qf2 Be7 20.Rad1 Qe6 21.Qg3 O-O 
22.Bxd6 Bxe4 23.Nxe4 Qxe4 24.Bxe7 Qxe7 25.c3 Qe2 26.Qf2 Rce8 27.Qxe2 Rxe2 
28.Rf2 Rfe8 29.Kf1 R2e6 30.Rfd2 g6 31.Rd6 Kg7 32.R1d2 Kf6 33.Kf2 Rxd6 34.
Rxd6+ Re6 35.Rd7 g5 36.Kf3 Kg6 37.g4 f5 38.gxf5+ Kxf5 39.Rd5+ Kf6 40.c4 
bxc4 41.Rc5 Rb6 42.Rxc4 Rxb2 43.Rc6+ Kg7 44.Rxa6 Rxh2 45.Kg3 Rd2 46.a4 h5 
47.a5 Rd3+ 48.Kg2 h4 49.Rb6 Ra3 50.a6 Kh7 51.Kh2 Kg7 52.Rc6 Kf7 53.Rb6 h3 
54.Rh6 Kg7 55.Rb6 Kh7 56.a7 g4 57.Rb4 Ra2+ 58.Kh1 g3 59.Rh4+ Kg6 60.Rxh3 
Rxa7 61.Rxg3+ 1/2-1/2

[Event "34th WCh U20 Girls"]
[Site "Bhubaneswar IND"]
[Date "2016.08.11"]
[Round "4.19"]
[White "Ayinala, Shree"]
[Black "Mahalakshmi, Muganda Kumar"]
[Result "0-1"]
[WhiteElo "1464"]
[BlackElo "2101"]
[EventDate "2016.08.08"]
[PlyCount "118"]

1.c4 e5 2.Nc3 Nf6 3.g3 d5 4.cxd5 Nxd5 5.Bg2 Nb6 6.Nf3 Nc6 7.d3 Be7 8.O-O 
O-O 9.a3 Be6 10.b4 Nd4 11.Bb2 Nxf3+ 12.Bxf3 c6 13.Rc1 Bg5 14.Rb1 f5 15.Ba1
a6 16.a4 Qc7 17.Qc2 Rad8 18.Rfd1 Kh8 19.Bb2 Be7 20.Bc1 Qd7 21.Be3 Nd5 22.
Nxd5 cxd5 23.Bb6 Rc8 24.Qb2 Qc6 25.a5 Bd6 26.Bg2 Qc2 27.Qxc2 Rxc2 28.d4 e4
29.e3 g5 30.Bh3 Bd7 31.Bc5 Bxc5 32.bxc5 Bc6 33.Rdc1 Ra2 34.Ra1 Rd2 35.Rd1 
Rc2 36.Rdc1 Rd2 37.Rd1 Rxd1+ 38.Rxd1 Kg7 39.Bg2 f4 40.Re1 Rf6 41.exf4 gxf4
42.gxf4 Rxf4 43.Re3 h5 44.Kf1 h4 45.Bh3 Kf8 46.Kg2 Ke8 47.f3 Ke7 48.Rb3 
exf3+ 49.Rxf3 Rxd4 50.Re3+ Kd8 51.Rf3 Ra4 52.Rf8+ Ke7 53.Rh8 d4+ 54.Kf2 
Ra2+ 55.Kg1 d3 56.Rh7+ Kf6 57.Rh6+ Ke5 58.Rd6 d2 59.Bg4 Bd5 0-1

[Event "34th WCh U20 Girls"]
[Site "Bhubaneswar IND"]
[Date "2016.08.11"]
[Round "4.20"]
[White "Uuriintuya, Uurtsaikh"]
[Black "Choladze, Mariami"]
[Result "1-0"]
[WhiteElo "2199"]
[BlackElo "2077"]
[EventDate "2016.08.08"]
[PlyCount "67"]

1.e4 c5 2.Nf3 e6 3.d4 cxd4 4.Nxd4 Nc6 5.Nc3 Qc7 6.Be3 a6 7.Be2 Nf6 8.O-O 
Bb4 9.Na4 Be7 10.c4 Nxe4 11.Nxc6 bxc6 12.Qd4 Nf6 13.Nb6 Rb8 14.c5 e5 15.
Qc4 Nd5 16.Nxd5 cxd5 17.Qxd5 Rxb2 18.Bc4 O-O 19.Bb3 Bb7 20.Qc4 Qc6 21.f3 
Qg6 22.Rf2 Rxf2 23.Kxf2 Rc8 24.Rd1 Rc7 25.Qb4 e4 26.f4 Qh5 27.Qb6 Bd8 28.
h3 h6 29.Kf1 Kh7 30.Qd6 a5 31.Rd2 Qg6 32.Qf8 Ba6+ 33.Kg1 Qf6 34.Bxf7 1-0

[Event "34th WCh U20 Girls"]
[Site "Bhubaneswar IND"]
[Date "2016.08.11"]
[Round "4.21"]
[White "Mendoza, Shania Mae"]
[Black "Visanescu, Daria-Ioana"]
[Result "0-1"]
[WhiteElo "2191"]
[BlackElo "2067"]
[EventDate "2016.08.08"]
[PlyCount "126"]

1.d4 d5 2.c4 e6 3.Nc3 Nf6 4.cxd5 exd5 5.Bg5 Be7 6.Qc2 h6 7.Bh4 Nc6 8.e3 
Nb4 9.Qb3 Bf5 10.Rc1 Ng4 11.Bg3 c6 12.a3 Nd3+ 13.Bxd3 Bxd3 14.Qxb7 O-O 15.
Nge2 Bd6 16.Qxc6 Bxg3 17.hxg3 Bc4 18.Rh4 Rc8 19.Qa4 Qg5 20.Rxg4 Qxg4 21.
Nf4 g5 22.b3 gxf4 23.bxc4 Rxc4 24.Qd1 Qc8 25.Qd2 fxe3 26.fxe3 Re8 27.Kf2 
Qf5+ 28.Kg1 Qg5 29.Kf2 Re6 30.Ne2 Rxc1 31.Qxc1 Qf5+ 32.Nf4 Rb6 33.Qc7 Rb2+
34.Kg1 Qg5 35.Qc8+ Kg7 36.Kh2 Rb3 37.Qc1 a5 38.a4 h5 39.Kh1 h4 40.e4 Rxg3 
41.Qc7 Kg8 42.Qc8+ Kh7 43.Qc7 Qf6 44.exd5 Rg4 45.Qc2+ Kh6 46.Nh3 Rxd4 47.
Qb3 Re4 48.Qd1 Qe5 49.Qc1+ Kg7 50.Ng1 Re1 51.Qc4 Qe4 52.Qc3+ Kh7 53.Qf6 
Qg6 54.Qf3 h3 55.Qxh3+ Qh6 56.Kh2 Rd1 57.Nf3 Rxd5 58.Nh4 Qf4+ 59.g3 Rd2+ 
60.Kh1 Qe4+ 61.Ng2+ Kg7 62.g4 Rd1+ 63.Kh2 Qe5+ 0-1

[Event "34th WCh U20 Girls"]
[Site "Bhubaneswar IND"]
[Date "2016.08.11"]
[Round "4.22"]
[White "Leonardi, Caterina"]
[Black "Hiebler, Laura"]
[Result "1-0"]
[WhiteElo "2061"]
[BlackElo "2110"]
[EventDate "2016.08.08"]
[PlyCount "83"]

1.d4 f5 2.Bg5 h6 3.Bh4 g5 4.Bg3 Nf6 5.Be5 e6 6.e3 Bg7 7.Nc3 d6 8.Bg3 Nc6 
9.Bc4 Bd7 10.Qe2 Qe7 11.O-O-O O-O-O 12.Nf3 Rde8 13.h4 Nh5 14.Bh2 g4 15.Nd2
Bf6 16.Nb3 Bxh4 17.d5 exd5 18.Nxd5 Qd8 19.Nc3 Ng7 20.Nb5 Kb8 21.Qd2 Be6 
22.Na5 Bxc4 23.Nxc4 Be7 24.Na5 Nxa5 25.Qxa5 a6 26.Na3 Qd7 27.Rd3 Bf6 28.
Rhd1 Qe7 29.Rxd6 Rd8 30.Rxf6 Rxd1+ 31.Kxd1 Qxf6 32.Qxc7+ Ka7 33.Be5 Qd8+ 
34.Bd4+ Ka8 35.Qxg7 Rg8 36.Qe5 Qh4 37.Qc5 Kb8 38.Qd6+ Ka8 39.Qb6 Kb8 40.
Nb5 axb5 41.Be5+ Ka8 42.Qa5# 1-0

[Event "34th WCh U20 Girls"]
[Site "Bhubaneswar IND"]
[Date "2016.08.11"]
[Round "4.23"]
[White "Srija, Seshadri"]
[Black "Thomas, Anysia"]
[Result "1-0"]
[WhiteElo "2102"]
[BlackElo "2049"]
[EventDate "2016.08.08"]
[PlyCount "47"]

1.e4 c6 2.d4 d5 3.e5 g6 4.Nc3 Nh6 5.Nf3 Bg7 6.Bf4 f6 7.h4 O-O 8.Qd2 Nf7 9.
O-O-O Bg4 10.Qe3 b5 11.Be2 Qa5 12.e6 Nd8 13.Nd2 Bxe2 14.Nb3 Qb6 15.Qxe2 a5
16.Nc5 Nb7 17.Nxb7 Qxb7 18.h5 f5 19.hxg6 hxg6 20.Qe3 Qc8 21.Bh6 Na6 22.
Bxg7 Kxg7 23.Qh6+ Kf6 24.Qh4+ 1-0

[Event "34th WCh U20 Girls"]
[Site "Bhubaneswar IND"]
[Date "2016.08.11"]
[Round "4.24"]
[White "Yanjinlkham, Bayarsaikhan"]
[Black "Gomez Barrera, Javiera Belen"]
[Result "1-0"]
[WhiteElo "1990"]
[BlackElo "2055"]
[EventDate "2016.08.08"]
[PlyCount "49"]

1.d4 Nf6 2.Nf3 g6 3.g3 Bg7 4.Bg2 O-O 5.O-O d5 6.Bf4 c6 7.Qc1 Qb6 8.c3 Re8 
9.Ne5 Nfd7 10.e4 Nxe5 11.Bxe5 Bxe5 12.dxe5 dxe4 13.Bxe4 Be6 14.Nd2 Nd7 15.
Nf3 Bc4 16.Re1 Nc5 17.b4 Nxe4 18.Rxe4 Bd5 19.Qh6 f6 20.Rh4 g5 21.Qxh7+ Kf8
22.Nxg5 fxg5 23.Qf5+ Kg8 24.Qxg5+ Kf7 25.Qf5+ 1-0